000 00400nam a2200157Ia 4500
005 20251020182604.0
008 200515s9999 xx 000 0 und d
082 _aSC/35.076(083.85)/P45
110 _aInstituto Nacional de Administración Pública
245 0 _aRacionalización de Procedimientos
260 _aLima
260 _c1981
300 _a49
650 _aADMIINISTRACION
942 _cLIB
999 _c3135
_d3135